| 000 | 00820nam a22002652a 4500 | ||
|---|---|---|---|
| 001 | 16007 | ||
| 003 | BD-RjUL | ||
| 005 | 20211208235930.0 | ||
| 008 | 140211s1953 nyua 000 0 eng d | ||
| 035 | _a(BD-RjUL)16062 | ||
| 040 |
_aDLC _cCIN _dSER _dEQO _dBD-RjUL _beng |
||
| 041 | _aeng | ||
| 082 |
_a332.67 _bCOI |
||
| 100 | 1 |
_aCottle, Sidney. _949578 |
|
| 245 | 1 | 0 |
_aInvestment timing, _bthe formula plan approach / _c C. Sidney Cottle [and] W. Tate Whitman |
| 260 |
_aNew York : _bMcGraw-Hill, _c1953. |
||
| 300 |
_a200 p. : _billus. ; _c24 cm |
||
| 504 | _aIncludes index. | ||
| 650 | 0 |
_aInvestments _zUnited States _949579 |
|
| 650 | 0 |
_aStocks _zUnited States _914539 |
|
| 650 | 0 |
_aBusiness cycles _949580 |
|
| 700 | 1 |
_aWhitman, W. Tate _q(William Tate), _d1909- _949581 |
|
| 942 |
_2ddc _cBK |
||
| 999 |
_c16007 _d16007 |
||